|
|
|
|
| LEADER |
00000nab a2200000 a 4500 |
| 001 |
vtls009488644 |
| 003 |
SK-MaSNL |
| 005 |
20260303044842.0 |
| 008 |
140328c2009 xo zr|p|||||||000 b|slo |
| 015 |
|
|
|a SNBRB2009/03
|2 snkbucl
|
| 038 |
|
|
|a SNKBUCL
|
| 040 |
|
|
|a SNKBUCL
|b slo
|c SNKBUCL
|e AACR2
|
| 041 |
0 |
|
|a slo
|b eng
|
| 044 |
|
|
|a xo
|c SK
|
| 080 |
|
|
|a 72.071.1
|2 2001
|
| 100 |
1 |
|
|a Jakušová, Martina
|4 ivr
|4 aut
|9 270504
|
| 245 |
1 |
0 |
|a Gaetano Pesce: Architektúra má robiť ľudí šťastnými a slobodnými
|c Martina Jakušová
|
| 300 |
|
|
|b Fotogr.
|
| 504 |
|
|
|a Biogr. údaje
|
| 546 |
|
|
|a Res. angl.
|
| 600 |
1 |
7 |
|a Pesce, Gaetano,
|d 1939-
|2 snkbucl
|9 1034560
|
| 655 |
|
7 |
|a rozhovory
|2 snkbucl
|9 31831
|
| 700 |
1 |
|
|a Pesce, Gaetano,
|d 1939-
|4 ive
|9 1034560
|
| 773 |
0 |
|
|t ASB
|g Roč. XVI, č. 1-2 (2009), s. 58-61
|x 1335-1230
|
| 852 |
|
|
|a SNK
|b KIS3GCP
|
| 958 |
|
|
|a IT
|
| 999 |
|
|
|c 1701735
|d 1703665
|